English- Georgian and Georgian-English dictionairy=ინგლისურ–ქართული დ ქართულ ინგლისური ლექსიკონი / (ბიბ.ჩანაწერი № 56866)
[ მარტივი ფორმატი ]
| 000 -LEADER | |
|---|---|
| fixed length control field | 00776nam a2200193Ia 4500 |
| 001 - CONTROL NUMBER | |
| control field | 2086 |
| 003 - CONTROL NUMBER IDENTIFIER | |
| control field | GE_BSU |
| 005 - DATE AND TIME OF LATEST TRANSACTION | |
| control field | 20190524181103.0 |
| 008 - FIXED-LENGTH DATA ELEMENTS--GENERAL INFORMATION | |
| fixed length control field | 181216s1999||||enk|||||||||||||| ||eng|| |
| 040 ## - CATALOGING SOURCE | |
| Transcribing agency | GE_BSU |
| 041 ## - LANGUAGE CODE | |
| Language code of text/sound track or separate title | eng |
| 080 ## - UNIVERSAL DECIMAL CLASSIFICATION NUMBER | |
| Universal Decimal Classification number | 811.111(038)+811.353.1(038) E-56 |
| 100 ## - MAIN ENTRY--PERSONAL NAME | |
| Personal name | Gvarjaladze, T. |
| 9 (RLIN) | 1601 |
| 245 ## - TITLE STATEMENT | |
| Title | English- Georgian and Georgian-English dictionairy=ინგლისურ–ქართული დ ქართულ ინგლისური ლექსიკონი / |
| Statement of responsibility, etc. | Compiled by Tamar and Isidore Gvarjaladze |
| 264 ## - PRODUCTION, PUBLICATION, DISTRIBUTION, MANUFACTURE, AND COPYRIGHT NOTICE | |
| Place of production, publication, distribution, manufacture | Tbilisi ; |
| Date of production, publication, distribution, manufacture, or copyright notice | 1999. |
| 300 ## - PHYSICAL DESCRIPTION | |
| Extent | 545 p.; |
| Other physical details | 17cm. |
| 653 ## - INDEX TERM--UNCONTROLLED | |
| keyword | ინგლისურ–ქართული დ ქართულ ინგლისური ლექსიკონი |
| 942 ## - ADDED ENTRY ELEMENTS (KOHA) | |
| Koha item type | წიგნი |
| Source of classification or shelving scheme | |
არაა ხელმისაწვდომი ეგზემპლარები.
